[Event "Challenge"]
[Site "http://www.queenalice.com/game.php?id=404158"]
[Date "2008.5.16"]
[Round "-"]
[White "AllanTadeu"]
[Black "Johansen"]
[Result "1-0"]
[WhiteElo "1456"]
[BlackElo "1388"]

1. e3 e5 2. Qf3 Nf6 3. Nc3 Bb4 4. a3 Bxc3 5. bxc3 O-O 6. Bd3 g6 7. Nh3 d6 8. e4
Bg4 9. Qe3 Nd5 10. Qg5 Bxh3 11. Qxd8 Rxd8 12. gxh3 Nf4 13. O-O Nxd3 14. cxd3 c5
15. Rb1 b6 16. f4 Nc6 17. f5 d5 18. fxg6 fxg6 19. exd5 Rxd5 20. Rf3 Rf8 21. Rg3
Kg7 22. Bb2 h5 23. h4 Ne7 24. c4 Rdd8 25. Bxe5+ Kh7 26. Rf1 Rxf1+ 27. Kxf1 Nf5
28. Rf3 Nxh4 29. Rf7+ Kh6 30. Bf4+ g5 31. Bg3 Rxd3 32. Bxh4 gxh4 33. Rxa7 Rxd2
34. Kg1 Kg5 35. Ra6 Rd6 36. a4 Rd1+ 37. Kf2 Rd2+ 38. Kg1 h3 39. Rxb6 Rg2+ 40.
Kh1 Kf4 41. a5 Kf3 42. Rf6+ Ke2 43. Rf8 Kd2 44. a6 Re2 45. Kg1 Kc3 46. a7 Ra2
47. a8=Q Rxa8 48. Rxa8 Kxc4 49. Rh8 Kd3 50. Rxh5 c4 51. Rxh3+ Kd4 52. Rg3 c3 53.
Rg2 Kd3 54. h4 c2 55. Rxc2 Kxc2 56. h5 1-0

[Event "Damned"]
[Site "http://www.queenalice.com/game.php?id=404205"]
[Date "2008.5.16"]
[Round "-"]
[White "ricardoabe"]
[Black "Johansen"]
[Result "1-0"]
[WhiteElo "1593"]
[BlackElo "1388"]

1. g3 e5 2. c4 d5 3. d3 dxc4 4. dxc4 Qxd1+ 5. Kxd1 Nf6 6. Bg2 c6 7. f3 Bb4 8. e4
O-O 9. a3 Rd8+ 10. Kc2 Be7 11. b4 b5 12. c5 a5 13. Kc3 axb4+ 14. Kxb4 Rd4+ 15.
Kc3 b4+ 16. Kb3 Rxa3+ 17. Nxa3 bxa3 18. Bxa3 Na6 19. Ne2 Nxc5+ 20. Bxc5 Be6+ 21.
Kc2 Rc4+ 22. Kd2 Bxc5 23. Rhc1 Bb4+ 24. Kd3 Rxc1 25. Ra8+ Bf8 26. Nxc1 Nd7 27.
Ke3 g6 28. Nd3 Kg7 29. f4 Bc4 30. Nxe5 Bc5+ 31. Kf3 Nb6 32. Ra5 Bb4 33. Ra7 Bc5
34. Nxc4 Nxc4 35. Rc7 Nd2+ 36. Ke2 Nb3 37. e5 Nd4+ 38. Kd3 Bb6 39. Rb7 Bc5 40.
Kc4 Ne6 41. Bxc6 Bg1 42. Bd5 Nd8 43. Rd7 Bb6 44. Kb5 Bg1 45. e6 Nxe6 46. Bxe6
Kf6 47. Bxf7 Bxh2 48. g4 Bxf4 49. Bg8 h5 50. gxh5 gxh5 51. Rf7+ Kg5 52. Kc4 h4
53. Rg7+ Kh6 54. Rh7+ Kg5 55. Be6 Bg3 56. Kd3 Kf6 57. Bc8 Kg6 58. Re7 Bd6 59.
Re6+ Kg5 60. Rxd6 Kf4 61. Rg6 Kf3 62. Bb7+ Kf4 63. Ke2 Kf5 64. Rg1 Kf4 65. Bc8
1-0

[Event "Challenge"]
[Site "http://www.queenalice.com/game.php?id=405460"]
[Date "2008.5.19"]
[Round "-"]
[White "clodoaldopaiva"]
[Black "Johansen"]
[Result "1-0"]
[WhiteElo "1534"]
[BlackElo "1375"]

1. e4 e5 2. d4 Nc6 3. d5 Nd4 4. Be3 Bc5 5. Nf3 Nxf3+ 6. Qxf3 Bxe3 7. Qxe3 d6 8.
Nc3 a6 9. f4 Nf6 10. fxe5 dxe5 11. O-O-O O-O 12. h3 h6 13. Be2 b5 14. Qd3 c5 15.
dxc6 Qc7 16. Nd5 Nxd5 17. Qxd5 Be6 18. Qd6 Rac8 19. a4 f5 20. Qxe6+ Rf7 21. Bh5
Kh7 22. Bxf7 Qxc6 23. Qxf5+ g6 24. Bxg6+ Qxg6 25. Qxc8 Qg5+ 26. Kb1 Qxg2 27.
Rhf1 h5 28. Qf5+ Qg6 29. Qxe5 b4 30. Rd6 Qg2 31. Rf7+ Qg7 32. Qxg7# 1-0

[Event "Challenge"]
[Site "http://www.queenalice.com/game.php?id=405684"]
[Date "2008.5.20"]
[Round "-"]
[White "ricardoabe"]
[Black "Johansen"]
[Result "1-0"]
[WhiteElo "1601"]
[BlackElo "1402"]

1. g3 e5 2. a3 d5 3. d3 d4 4. e3 b6 5. exd4 Bb7 6. Nf3 exd4 7. c3 c5 8. c4 Nd7
9. Bg2 Qe7+ 10. Qe2 Qxe2+ 11. Kxe2 Bd6 12. b4 Ne5 13. bxc5 bxc5 14. Nbd2 Nf6 15.
Rg1 O-O 16. Nxe5 Bxg2 17. Rxg2 Rfe8 18. f4 h6 19. h4 Ng4 20. Kf3 Nxe5+ 21. fxe5
Bxe5 22. Ne4 Rac8 23. g4 g6 24. a4 f5 25. gxf5 Rf8 26. Rxg6+ Kh7 27. Rxh6+ Kg7
28. Kg4 a5 29. Rg6+ Kf7 30. h5 Rg8 31. h6 Rxg6+ 32. fxg6+ Kxg6 33. Bd2 Kh7 34.
Rh1 Rg8+ 35. Kf5 Bc7 36. Nf6+ Kh8 37. Nxg8 Kxg8 38. h7+ Kh8 39. Bg5 Bd8 40. Bxd8
Kg7 41. h8=Q+ Kf7 42. Rh7# 1-0

[Event "my turn"]
[Site "http://www.queenalice.com/game.php?id=405964"]
[Date "2008.5.20"]
[Round "-"]
[White "Johansen"]
[Black "pabloitu"]
[Result "1-0"]
[WhiteElo "1373"]
[BlackElo "1358"]

1. e4 e5 2. f3 Qf6 3. Bd3 Nc6 4. Nc3 Nd4 5. Nd5 Qc6 6. Ne2 Bd6 7. Nxd4 exd4 8.
O-O Be5 9. g3 Qh6 10. f4 c6 11. fxe5 cxd5 12. exd5 Qb6 13. b3 d6 14. exd6 Qxd6
15. Qe1+ Ne7 16. a4 O-O 17. Ba3 Qxd5 18. Qxe7 Bh3 19. Qh4 Qe6 20. Qxh7# 1-0

[Event "Challenge"]
[Site "http://www.queenalice.com/game.php?id=405965"]
[Date "2008.5.20"]
[Round "-"]
[White "Johansen"]
[Black "pabloitu"]
[Result "1-0"]
[WhiteElo "1401"]
[BlackElo "1370"]

1. e4 Nc6 2. d4 e5 3. Nf3 d6 4. Bb5 a6 5. Bxc6+ bxc6 6. dxe5 dxe5 7. Qxd8+ Kxd8
8. Nxe5 Nh6 9. Bxh6 gxh6 10. Nxf7+ Ke8 11. Nxh8 Bg7 12. c3 Bxh8 13. Nd2 Be6 14.
b3 Bxc3 15. Rc1 Bb4 16. Rxc6 Kd7 17. Rc1 Rf8 18. f3 Rg8 19. g4 Rf8 20. Rf1 h5
21. h3 hxg4 22. hxg4 Ke7 23. Rxc7+ Bd7 24. f4 Rc8 25. Rxc8 Bxc8 26. f5 Kf6 27.
Ke2 Bb7 28. Rh1 Kg7 29. e5 Bxh1 30. e6 Bd5 31. Kd3 Be7 32. a4 Kh6 33. Kd4 Bb7
34. Ne4 Bc6 35. Ke5 Kg7 36. b4 Bxa4 37. Nc5 Bb5 38. Kf4 Kh6 39. Nd7 Bc4 40. g5+
Bxg5+ 41. Ke5 Bb5 42. f6 Kg6 43. f7 Be7 44. f8=N+ Kg7 45. Nxh7 Kxh7 46. Nf6+ Kg7
47. Nd5 Bxb4 48. Nxb4 a5 49. Nd5 Kf8 50. e7+ Kf7 51. Kd6 a4 52. Nc7 Be8 53. Nd5
a3 54. Nc3 Kf6 55. Nd5+ Kg6 56. Nc3 Kf6 57. Nd5+ Kf7 58. Nc3 Kf6 59. Na2 Bf7 60.
Kd7 Bxa2 61. e8=Q Bf7 62. Qd8+ Kg7 63. Qa5 a2 64. Qc3+ Kf8 65. Qc5+ Kg8 66. Qg5+
Kf8 67. Qg1 Be8+ 68. Kd8 Bc6 69. Qf2+ Kg7 70. Qxa2 Kf6 71. Qb2+ Ke6 72. Qb6 Kd5
73. Kc7 Ba4 74. Qa5+ 1-0

[Event "my turn"]
[Site "http://www.queenalice.com/game.php?id=405966"]
[Date "2008.5.20"]
[Round "-"]
[White "Johansen"]
[Black "pabloitu"]
[Result "0-1"]
[WhiteElo "1391"]
[BlackElo "1338"]

1. e4 Nf6 2. d3 Nc6 3. Nf3 Ng4 4. Be3 e5 5. Be2 Nd4 6. Nxe5 Nxe5 7. Bxd4 Qf6 8.
O-O Bd6 9. Nc3 Qh6 10. Be3 Nf3+ 11. Bxf3 Qxh2# 0-1

[Event "Challenge"]
[Site "http://www.queenalice.com/game.php?id=406087"]
[Date "2008.5.21"]
[Round "-"]
[White "ricardoabe"]
[Black "Johansen"]
[Result "0-1"]
[WhiteElo "1603"]
[BlackElo "1365"]

1. e3 e5 2. d4 Qe7 3. dxe5 Qxe5 4. Qd4 Qxd4 5. exd4 Nf6 6. f3 Be7 7. Bg5 O-O 8.
Nc3 a6 9. O-O-O d5 10. Re1 Nc6 11. Bxf6 Bxf6 12. Nxd5 Bg5+ 13. f4 Bd8 14. Nxc7
Bxc7 15. Nf3 Bxf4+ 16. Kb1 Bg4 17. Re4 Bxf3 18. gxf3 g5 19. Bc4 Rae8 20. Bd5
Rxe4 21. fxe4 Nxd4 22. Rd1 Ne2 23. Bxb7 Bxh2 24. Bxa6 Nf4 25. Rh1 Bg3 26. Rg1
Bh4 27. a4 Ra8 28. Bb5 h6 29. b4 Ne6 30. Bc6 Ra6 31. Bb5 Rb6 32. c4 Rb8 33. c5
Nd4 34. c6 Nxb5 35. axb5 Bf2 36. Rf1 Bb6 37. Rf6 Kg7 38. Rf5 f6 39. Rd5 Ra8 40.
Kb2 h5 41. Rd7+ Kg6 42. Rb7 Bd4+ 43. Kb3 Be5 44. b6 Rc8 45. b5 h4 46. c7 h3 47.
Rb8 Rxc7 48. bxc7 Bxc7 49. Rc8 Be5 50. Rh8 g4 51. b6 Kg7 52. Rh5 h2 53. Rxe5
fxe5 54. b7 h1=Q 55. b8=Q Qb1+ 0-1

[Event "Challenge"]
[Site "http://www.queenalice.com/game.php?id=406510"]
[Date "2008.5.22"]
[Round "-"]
[White "b3nedtiojr"]
[Black "Johansen"]
[Result "1-0"]
[WhiteElo "1217"]
[BlackElo "1388"]

1. e4 e5 2. Nf3 d6 3. d4 Bg4 4. h3 Bxf3 5. Qxf3 Nf6 6. dxe5 dxe5 7. Bc4 Qd7 8.
O-O Bd6 9. Bg5 a6 10. Bxf6 gxf6 11. Qxf6 Rg8 12. Nc3 Qxh3 13. Qxf7+ Kd8 14.
Qxg8+ Kd7 15. gxh3 b5 16. Bd5 c6 17. Qxh7+ Be7 18. Qf5+ Kd6 19. Rfd1 cxd5 20.
Rxd5+ Kc6 21. Qxe5 Bb4 22. Rad1 Bxc3 23. Rd6+ Kc7 24. Qe7+ Nd7 25. Qxd7+ 1-0

[Event "Challenge"]
[Site "http://www.queenalice.com/game.php?id=409432"]
[Date "2008.5.28"]
[Round "-"]
[White "clodoaldopaiva"]
[Black "Johansen"]
[Result "0-1"]
[WhiteElo "1524"]
[BlackElo "1365"]

1. e4 e5 2. d4 Nf6 3. Bd3 Nc6 4. dxe5 Nxe5 5. Be2 Nxe4 6. Qd4 Bd6 7. Qxe4 O-O 8.
f4 g6 9. fxe5 Re8 10. Bc4 Rxe5 11. Nc3 Rxe4+ 12. Nxe4 Qe8 13. Bd5 c6 14. Ne2 Be5
15. Bc4 d5 16. Bf4 dxe4 17. O-O b5 18. Bb3 Bxb2 19. Rad1 Bg4 20. Rde1 Bxe2 21.
Rxe2 Bd4+ 22. Kh1 e3 23. Bg3 Kg7 24. Rxf7+ Kh6 25. Bf4+ g5 26. Bd6 a5 27. c4
Qxf7 28. cxb5 Qf1# 0-1

[Event "Challenge"]
[Site "http://www.queenalice.com/game.php?id=410602"]
[Date "2008.5.30"]
[Round "-"]
[White "Johansen"]
[Black "ricardoabe"]
[Result "0-1"]
[WhiteElo "1387"]
[BlackElo "1592"]

1. e4 e5 2. Nf3 Nc6 3. d4 Bd6 4. Bb5 Nxd4 5. Nxd4 exd4 6. Qxd4 Qf6 7. Qd5 Qe5 8.
Nc3 c6 9. Qxe5+ Bxe5 10. Bd3 g6 11. g3 f5 12. O-O fxe4 13. Bxe4 Nf6 14. Ne2 O-O
15. Bh6 Nxe4 16. Bxf8 Kxf8 17. f4 Bxb2 18. Rad1 d5 19. f5 gxf5 20. Nd4 Nc3 21.
Rde1 Ne4 22. Nxf5 Bxf5 23. Rxf5+ Kg7 24. c4 Bd4+ 25. Kg2 Nd6 26. Rg5+ Kf6 27. h4
h6 28. Rf1+ Ke7 29. Re1+ Kd7 30. Rh5 Re8 31. Rxe8 Nxe8 32. cxd5 Nf6 33. dxc6+
bxc6 34. Rxh6 c5 35. Rg6 c4 36. Rg7+ Kc6 37. Re7 Kd6 38. Re2 c3 39. Rc2 Kd5 40.
Kf3 Kc4 41. Ke2 Ne4 42. Kf3 Kd3 43. Rc1 c2 44. g4 Nc3 45. g5 Nxa2 46. Rxc2 Kxc2
47. Ke4 Kc3 48. g6 Nb4 49. h5 a5 50. h6 Nc6 51. Kf5 Ne7+ 52. Kg5 Nxg6 53. Kxg6
a4 54. h7 a3 55. Kf7 a2 56. Kg8 a1=Q 57. h8=Q Qa8+ 0-1

[Event "Vai?? (1 x 0)"]
[Site "http://www.queenalice.com/game.php?id=415808"]
[Date "2008.6.10"]
[Round "-"]
[White "fferraz"]
[Black "Johansen"]
[Result "0-1"]
[WhiteElo "1405"]
[BlackElo "1375"]

1. d4 d5 2. Nf3 c6 3. Bf4 Nd7 4. g3 e6 5. Bg5 f6 6. h4 h6 7. Qd3 hxg5 8. Qg6+
Ke7 9. hxg5 Rxh1 10. gxf6+ Ndxf6 11. Ne5 Qe8 12. Nc3 Qxg6 13. Nxg6+ Kf7 14. Ne5+
Ke7 15. g4 Ne4 16. Rd1 Nxc3 17. bxc3 Ke8 18. Rd3 Bd6 19. Ng6 Nf6 20. g5 Ne4 21.
f3 Ng3 22. e4 Rxf1+ 23. Kd2 Kf7 24. e5 Kxg6 25. exd6 Kxg5 26. Re3 Kf4 27. c4
Rxf3 28. Re5 dxc4 29. c3 Rf2+ 30. Ke1 Kf3 31. Rg5 Re2+ 32. Kd1 Ne4 33. Re5 Nxc3+
34. Kc1 Nxa2+ 35. Kd1 Nc3+ 36. Kc1 b5 37. Rh5 b4 38. Rh3+ Ke4 39. Rh4+ Kd5 40.
d7 Bxd7 0-1

[Event "Movements"]
[Site "http://www.queenalice.com/game.php?id=416733"]
[Date "2008.6.12"]
[Round "-"]
[White "Johansen"]
[Black "ricardoabe"]
[Result "1/2-1/2"]
[WhiteElo "1379"]
[BlackElo "1613"]

1. e4 d5 2. d3 dxe4 3. f3 exd3 4. Bxd3 e5 5. Nc3 Bb4 6. Bd2 Nf6 7. a3 Bxc3 8.
Bxc3 Nc6 9. Qe2 Nd5 10. Bxe5 Nxe5 11. Qxe5+ Qe7 12. Qxe7+ Nxe7 13. Ne2 Bf5 14.
g4 Bxd3 15. cxd3 O-O-O 16. Kd2 f5 17. h3 h5 18. b4 hxg4 19. hxg4 fxg4 20. fxg4
b6 21. b5 Ng6 22. Rxh8 Nxh8 23. a4 Ng6 24. d4 Kb7 25. Kd3 Ne5+ 26. Ke4 Nxg4 27.
Nf4 Nf6+ 28. Ke5 Re8+ 29. Kf5 Re4 30. Ne6 Rxe6 31. Kxe6 Ne4 32. Kf7 g5 33. Rg1
Nc3 34. Ra1 g4 35. Ra3 Ne2 36. Ra2 Nxd4 37. Rg2 a6 38. Rxg4 Nb3 39. bxa6+ Kxa6
40. Rb4 Nc5 41. Rc4 Ka5 42. Ke7 Nxa4 43. Rxc7 b5 44. Kd6 b4 45. Kc6 b3 46. Ra7+
Kb4 47. Rb7+ Ka3 48. Kb5 Nc3+ 49. Kc4 Ne4 50. Rxb3+ Ka2 51. Re3 Nd2+ 52. Kc3
Nb1+ 53. Kc2 Na3+ 54. Kc1 Nc4 55. Rc3 Na3 56. Rc2+ Nxc2 57. Kxc2 Ka1 58. Kb3 Kb1
1/2-1/2

[Event "Challenge"]
[Site "http://www.queenalice.com/game.php?id=418801"]
[Date "2008.6.16"]
[Round "-"]
[White "Johansen"]
[Black "clodoaldopaiva"]
[Result "1/2-1/2"]
[WhiteElo "1406"]
[BlackElo "1481"]

1. e4 e5 2. d4 f6 3. dxe5 fxe5 4. Nf3 d6 5. Be2 Nf6 6. Bg5 h6 7. Bxf6 gxf6 8.
Nfd2 Nc6 9. Bh5+ Ke7 10. Nc3 Be6 11. Nd5+ Bxd5 12. exd5 Nb4 13. c4 Qc8 14. Ne4
Qf5 15. Qe2 Nd3+ 16. Qxd3 Qxh5 17. O-O Qg6 18. g3 h5 19. h4 f5 20. Ng5 e4 21.
Qd4 Bg7 22. Qd2 Rae8 23. Rae1 Kd8 24. Ne6+ Kc8 25. Nxg7 Qxg7 26. b3 f4 27. Qxf4
Rhf8 28. Qe3 c5 29. Kh2 Rf3 30. Qd2 Qe5 31. Qh6 e3 32. fxe3 Rxg3 33. Qf4 Reg8
34. Qxe5 Rg2+ 35. Kh1 dxe5 36. Rf5 R8g4 37. Rxh5 R2g3 38. Rh8+ Kc7 39. Kh2 Rg2+
40. Kh1 Rxa2 41. Rg1 Rxg1+ 42. Kxg1 Rb2 43. Rh7+ Kc8 44. d6 Rxb3 45. Rc7+ Kd8
46. Kf2 Rd3 47. Rxc5 Rxd6 48. Rxe5 Rf6+ 49. Kg3 b6 50. e4 a5 51. Rb5 Re6 52. e5
a4 53. c5 Rxe5 54. Rxb6 Rxc5 55. Ra6 Rc3+ 56. Kg4 a3 57. h5 Rc4+ 58. Kg5 Rc3 59.
h6 Kc7 60. h7 Rg3+ 61. Kh4 Kb7 62. Kxg3 Kxa6 63. h8=Q a2 64. Qa1 Kb5 65. Qxa2
Kc5 66. Kf4 Kb5 67. Qc2 Kb4 68. Ke4 Kb5 69. Kd5 Kb4 70. Qc5+ Kb3 71. Qc4+ Kb2
72. Kd4 Ka3 73. Kc3 1/2-1/2

[Event "LUT 0 x 0 JOH"]
[Site "http://www.queenalice.com/game.php?id=420875"]
[Date "2008.6.21"]
[Round "-"]
[White "Johansen"]
[Black "luth"]
[Result "0-1"]
[WhiteElo "1416"]
[BlackElo "1279"]

1. e4 e5 2. d4 f6 3. dxe5 fxe5 4. Nf3 d6 5. Be2 Nf6 6. Bg5 h6 7. Bxf6 gxf6 8.
Nfd2 c5 9. Bh5+ Ke7 10. g4 Rg8 11. h3 d5 12. O-O f5 13. exf5 Bxf5 14. f3 Nd7 15.
Nc3 d4 16. Nd5+ Ke6 17. Ne4 Kxd5 18. Bf7+ Be6 19. Bxg8 Bxg8 20. c3 Rc8 21. b3
Kc6 22. cxd4 exd4 23. Rc1 b6 24. f4 Bd5 25. b4 Bxe4 26. bxc5 Nxc5 27. f5 Bg7 28.
Rf4 Kd5 29. Qd2 Qd7 30. Rd1 d3 31. f6 Bh8 32. f7 Bd4+ 33. Kf1 Rf8 34. a3 h5 35.
gxh5 Qxh3+ 36. Ke1 Ne6 37. Qa2+ Ke5 38. Rf1 Nc5 39. Kd2 Qh2+ 40. Ke1 Qxa2 41.
Rd2 Qa1+ 42. Rd1 Qc3+ 43. Rd2 Bg2 44. h6 Bxf1 45. h7 Be2 46. a4 Qc1+ 0-1

[Event "Challenge"]
[Site "http://www.queenalice.com/game.php?id=422490"]
[Date "2008.6.24"]
[Round "-"]
[White "Johansen"]
[Black "ricardoabe"]
[Result "0-1"]
[WhiteElo "1409"]
[BlackElo "1597"]

1. e4 e5 2. d4 d6 3. dxe5 dxe5 4. Qxd8+ Kxd8 5. Nf3 Nc6 6. a3 Nd4 7. Nxd4 exd4
8. Bd3 Bd6 9. g3 Nf6 10. Bg5 h6 11. Bxf6+ gxf6 12. O-O a6 13. Nd2 b5 14. b4 c5
15. Nb3 cxb4 16. axb4 Bxb4 17. Nxd4 Bc3 18. Nc6+ Kd7 19. Ra3 Bb2 20. Rb3 Kxc6
21. Rxb2 Kc5 22. f4 h5 23. e5 fxe5 24. fxe5 Rf8 25. e6 Bxe6 26. Be4 Rae8 27. h4
Bd5 28. Rf5 Rxe4 29. Ra2 Rg4 30. Kh2 Ra8 31. Rxh5 Kd4 32. Ra5 Be4 33. Kh3 f5 34.
Rh6 b4 35. Rd6+ Ke3 36. Re6 Kf2 37. Raxa6 Rxg3+ 38. Kh2 Rg1 39. Rf6 Rh1# 0-1

[Event "Challenge"]
[Site "http://www.queenalice.com/game.php?id=423742"]
[Date "2008.6.27"]
[Round "-"]
[White "RicardoFialho"]
[Black "Johansen"]
[Result "1-0"]
[WhiteElo "1190"]
[BlackElo "1406"]

1. e4 e5 2. Nf3 f6 3. Bc4 Ne7 4. Nc3 Nbc6 5. a3 Nd4 6. Nxd4 exd4 7. Nd5 c5 8.
Nxe7 Bxe7 9. Qh5+ g6 10. Qd5 a6 11. Qf7# 1-0

[Event "Challenge"]
[Site "http://www.queenalice.com/game.php?id=427404"]
[Date "2008.7.4"]
[Round "-"]
[White "clodoaldopaiva"]
[Black "Johansen"]
[Result "0-1"]
[WhiteElo "1569"]
[BlackElo "1416"]

1. e4 e5 2. Nf3 Nf6 3. Ng5 Qe7 4. Bc4 Nxe4 5. Nxe4 Qb4 6. Qe2 f6 7. c3 Qb6 8. b4
c6 9. Nd6+ Bxd6 10. d3 c5 11. Be3 Qc6 12. Qg4 g6 13. Nd2 f5 14. Qg5 f4 15. Qf6
Qxg2 16. O-O-O Rf8 17. Qxd6 fxe3 18. Qxe5+ Kd8 19. Bd5 exd2+ 20. Rxd2 Qxh1+ 21.
Bxh1 Re8 22. Qxc5 Re1+ 23. Kc2 Rxh1 24. Re2 b6 25. Qd5 Nc6 26. Qxh1 Bb7 27. Qd5
Nxb4+ 28. cxb4 Bxd5 29. f4 Bxa2 30. Rf2 a5 31. f5 axb4 32. f6 b3+ 33. Kb2 h5 34.
f7 Ke7 35. d4 Rf8 36. d5 Rxf7 37. d6+ Ke8 38. Re2+ Kd8 39. Rg2 Rf6 40. Rd2 h4
41. Kc3 g5 42. Kc4 Rf5 43. Kd4 Rb5 44. Kc4 Rc5+ 45. Kb4 Rc2 46. Rd5 b2 47. Kb5
Bxd5 48. Kxb6 b1=Q+ 49. Ka7 Ra2# 0-1

[Event "Challenge"]
[Site "http://www.queenalice.com/game.php?id=435755"]
[Date "2008.7.19"]
[Round "-"]
[White "WeffersoN_4"]
[Black "Johansen"]
[Result "1-0"]
[WhiteElo "1834"]
[BlackElo "1424"]

1. e4 e5 2. Bc4 a6 3. Qh5 Qe7 4. d3 b5 5. Bb3 c5 6. Bg5 Nf6 7. Bxf6 Qxf6 8. Nf3
g6 9. Qxe5+ Qxe5 10. Nxe5 Bg7 11. Nxf7 1-0

[Event "Challenge"]
[Site "http://www.queenalice.com/game.php?id=439418"]
[Date "2008.7.26"]
[Round "-"]
[White "clodoaldopaiva"]
[Black "Johansen"]
[Result "1-0"]
[WhiteElo "1556"]
[BlackElo "1438"]

1. e4 e5 2. d4 Qe7 3. Nf3 exd4 4. Nxd4 Qxe4+ 5. Be3 c5 6. Nc3 cxd4 7. Nxe4 dxe3
8. fxe3 f5 9. Nc3 g6 10. Qd4 Nf6 11. Qxf6 Rg8 12. Nd5 Bg7 13. Qe7# 1-0